Apeirophobia - Entities Quiz - Statistics

General Stats
  • This quiz has been taken 94 times
  • The average score is 13 of 22
Answer Stats
Picture Answer % Correct
Partygoer
93%
Titan Smiler
77%
Hound
74%
Skin Stealer
72%
Skin Walker
70%
Howler
65%
Phantom Smiler
60%
Siren
60%
Watcher
60%
Starfish
58%
Caretaker
54%
Deformed Howler
54%
Hoax
54%
Keeper
53%
Memory Worm
53%
Stalker
53%
Cruelest
47%
Kameloha
47%
Phaser
46%
Clam
44%
Lost Soul
40%
Party Jelly
40%
No matching quizzes found
Score Distribution
Percent of People with Each Score
Percentile by Number Answered
Your Score History
You have not taken this quiz